000 00794nam a22002771 4500
001 28318
003 BD-RjUL
005 20211209051251.0
008 140330s1962 nju b 001 0 eng d
035 _a(BD-RjUL)28399
040 _aDLC
_cDLC
_dDLC
_dBD-RjUL
_beng
041 _aeng
082 0 0 _a701
_bFAA 1962
100 1 _aFallico, Arturo B.
_986734
245 1 0 _aArt & existentialism /
_cArturo B. Fallico.
260 _aEnglewood Cliffs, N.J. :
_bPrentice-Hall,
_c1962.
300 _axii, 175 p. ;
_c21 cm.
490 0 _aA Spectrum book,
_vS-42
504 _aIncludes bibliographical references and index.
650 0 _aArt
_xPhilosophy.
_953278
650 0 _aAesthetics.
_986735
650 0 _aExistentialism.
_986736
942 _2ddc
_cBK
999 _c28318
_d28318